Fill in the Wikipedia article : The Gulf War - Statistics

General Stats
  • This quiz has been taken 13 times
  • The average score is 52 of 69
Answer Stats
Article % Correct
After a brief rump puppet government known as the Republic of {Kuwait},
100%
and a 42-country coalition led by {the United States}.
100%
and establishing {Kuwait} Governorate in the south.
100%
and {Iraq}'s large debt
100%
and {Kuwait}.
100%
and {Kuwait}, which continued for five weeks.
100%
and Operation Desert {Storm},
100%
and promptly advancing into {Iraqi} territory.
100%
and S{audi Arabia}
100%
demanded {Iraq}'s immediate withdrawal
100%
from the bombing campaign against {Iraq} on 17 January
100%
governed by {Saddam Hussein},
100%
In 2003, another {US}-led coalition
100%
in {Iraq}'s
100%
In the war's aftermath, the {Iraqi} government
100%
invaded and occupied {Iraq}, beginning the {Iraq} War.
100%
invaded neighboring {Kuwait} and occupied the country within two days.
100%
{Iraq}
100%
{Iraq} fired missiles
100%
its largest contributors were the U{nited States},
100%
liberating {Kuwait}
100%
of {Iraq}
100%
of {Iraqi} chemical weapons facilities
100%
On 2 August 1990, {Iraq},
100%
on products from {Iraq}
100%
over {Iraq}'s north and south.
100%
S{audi Arabia},
100%
Split {Kuwait}’s territory,
100%
The conflict's environmental impact included {Iraqi} forces
100%
The Gulf War was an armed conflict between {Iraq}
100%
The invasion of {Kuwait} was met with immediate international condemnation.
100%
The invasion was primarily over {Kuwait}'s alleged slant drilling
100%
the {US} adopted satellite-based reconnaissance, communications, and GPS navigation.
100%
to {Iraq} on 29 November 1990, expiring on 15 January 1991,
100%
To {Kuwait}
100%
to withdraw from {Kuwait}, with member-states thereafter empowered to use "all necessary means" to force withdrawal.
100%
until the American-led liberation of {Kuwait} on 28 February.
100%
{US} bombing and demolition
100%
and E{gypt}.
89%
at I{srael}
89%
but failed to provoke the {Israeli} military response
89%
the U{nited Kingdom},
89%
The United Nations Special Commission sought to end Iraq's weapons of {mass destruction} programs.
89%
it hoped would split {Muslim}-majority countries from the coalition.
78%
The broadest military alliance since {World War II},
78%
The coalition began a military buildup in the {Persian} Gulf region.
78%
On 17 January, the coalition began aerial and naval {bombardment}
67%
The coalition halted its ground advance after one hundred hours, and declared a {ceasefire}.
67%
absorbing the north into {Basra} Governorate,
56%
from the recently ended {Iran–Iraq} War.
56%
and imposed a total {embargo}
44%
principally by American network {CNN}.
44%
suppressed a series of {uprisings} until 5 April 1991.
44%
The conflict introduced {live news} broadcasts from the front lines of the battle,
44%
The {Security Council} issued an ultimatum
44%
The UN {Security Council}
44%
Coalition countries responded by establishing two {no-fly} zones
33%
On 24 February 1991, the coalition launched a decisive {ground} assault
33%
The coalition's efforts were in two phases: Operation Desert {Shield}, which marked the military buildup from August 1990 to January 1991;
33%
The largest {tank} battles in American military history were fought,
33%
after the daily broadcast of images from cameras onboard American military {aircraft}.
22%
{Precision}-guided munitions and a stealth aircraft,
22%
causing over six hundred {oil} well fires and the largest {oil} spill in history until that point.
11%
Considered the "first {space} war",
11%
It earned the nickname {Video Game} War,
11%
{Rumaila} oil field,
11%
were concluded to be the primary cause of Gulf War {syndrome}, experienced by over 40% of US veterans.
11%
surpassed only by the Battle of the Bulge: the Battle of Medina {Ridge}, the Battle of Norfolk, and the Battle of 73 Easting.
0%
the {F-117 Nighthawk}, were novel features of the air war.
0%
No matching quizzes found
Score Distribution
Percent of People with Each Score
Percentile by Number Answered
Your Score History
You have not taken this quiz